Sexburg

Збережено в:
Бібліографічні деталі
Автор: Bericht, Ein
Формат: Текст
Опубліковано: Salzburg: Sexualberatungsstelle
Предмети:
Теги: Додати тег
Немає тегів, Будьте першим, хто поставить тег для цього запису!

MARC

LEADER 00000 a a2200000 04500
001 33160
003
040
090 |a 1001 S518s  
100 |a Bericht, Ein  
245 |a Sexburg  
260 |a Salzburg:   |b Sexualberatungsstelle  
300 |a 250 p.  
650 |a PATRIARCADO  
650 |a DESIGUALDAD ECONOMICA  
650 |a PARTICIPACION DE LA MUJER  
650 |a TRABAJADORES AGRICOLAS  
650 |a ESTERILIDAD  
650 |a ATENCION PSICOLOGICA  
650 |a COSTA RICA  
999 |c 4817  |d 4817